Представление документа в формате RUSMARC

ПолеНазваниеЗначение
  Тип записи a
  Библиографический уровень m
001 Контрольный номер RU/SLIB/B/208767876
005 Дата корректировки 20201206204248.8
010 Индекс ISBN __
a ISBN 5-86047-128-9
d Цена 100-00
101 Язык документа 0_
a Язык текста rus
c Язык оригинала rus
200 Заглавие и сведения об ответственности 0_
a Заглавие Золотое созвездие Зауралья
f Первые сведения об ответственности авт.-сост. Г. П. Устюжанин [и др.]
b Общее обозначение материала Текст
210 Выходные данные __
a Место издания Курган
c Издательство Парус-М
d Дата издания 2001
215 Физическое описание __
a Объем 479 с.
330 Аннотация __
a Аннотация Рассказывается о Героях Советского Союза и Героях России родившихся в Зауралье.
606 Тематические рубрики __
a Основная рубрика Военное дело
y Географическая подрубрика Россия ; СССР ; Зауралье
606 Тематические рубрики __
a Основная рубрика Вооруженные силы СССР и России
610 Ключевые слова __
a Ключевые слова герои Советского Союза; герои России; Великая Отечественная война; ВОВ; Афганская война; афганцы; Чеченская война; биографии; военные конфликты; локальные войны
686 Индексы других классификаций __
a Классификационный индекс ст68.4(2)
702 Вторичная интеллектуальная ответственность _1
a Фамилия Устюжанин
b Имя Г. П.
4 Код отношения Составитель
4 Код отношения 220
801 Источник записи _0
a Страна RU
b Организация Муниципальное бюджетное учреждение культуры "Централизованная библиотечная система" г. Сургут (Центральная городская библиотека им. А. С. Пушкина)
g Правила каталогизации КиК/Гришунина
801 Источник записи _1
a Страна RU
b Организация Муниципальное бюджетное учреждение культуры "Централизованная библиотечная система" г. Сургут (Центральная городская библиотека им. А. С. Пушкина)
g Правила каталогизации КиК/Гришунина
852 Данные о местонахождении __
j Шифр хранения ст68.4(2)
c Каталожный индекс ст68.49(2)
i Авторский знак З-81
p Инвентарный номер 04070312
901 Тип документа __
t Тип документа m
903 Характеристики (МАРС) __
a Дата передачи 20040810
990 Данные о заказе (DOS) __
j Количество экземпляров (DOS) 1
t N записи в КСУ для И/У (DOS) 200407